[Event "DVM U14 2023"]
[Site "Magdeburg GER"]
[Date "2023.12.27"]
[Round "2"]
[White "Melestean, Maxim"]
[Black "Fischer, Lorenz"]
[Result "1-0"]
[Termination "normal"]
[Board "10.1"]
[WhiteElo "1625"]
[BlackElo "1630"]
[WhiteClock "00:53:42"]
[BlackClock "01:02:35"]
[WhiteTeam "SK König Plauen"]
[BlackTeam "SF Tegernheim"]
[PlyCount "43"]
[WhiteFideId "16280393"]
[BlackFideId "16296710"]
[EventCountry "GER"]
[EventRounds "7"]
[EventType "team-swiss"]
[EventDate "2023.12.26"]

1. d4 {[%clk 01:30:57]} {[%emt 00:00:02]} Nf6 {[%clk 01:30:44]} {[%emt
00:00:16]} 2. c4 {[%clk 01:31:22]} {[%emt 00:00:06]} c5 {[%clk 01:31:11]}
{[%emt 00:00:04]} 3. d5 {[%clk 01:31:48]} {[%emt 00:00:04]} b5 {[%clk
01:31:37]} {[%emt 00:00:04]} 4. cxb5 {[%clk 01:32:14]} {[%emt 00:00:04]} a6
{[%clk 01:32:28]} {[%emt 00:00:07]} 5. bxa6 {[%clk 01:32:37]} g6 {[%clk
01:32:28]} {[%emt 00:00:10]} 6. Nc3 {[%clk 01:33:02]} Bg7 {[%clk 01:32:53]}
{[%emt 00:00:09]} 7. e4 {[%clk 01:33:24]} O-O {[%clk 01:33:10]} {[%emt
00:00:20]} 8. e5 {[%clk 01:33:03]} Ne8 {[%clk 01:33:27]} {[%emt 00:01:05]} 9.
Nf3 {[%clk 01:25:08]} {[%emt 00:00:19]} Qa5 10. Be2 {[%emt 00:10:25]} Bxa6
{[%clk 01:30:55]} {[%emt 00:01:43]} 11. O-O {[%emt 00:00:25]} d6 {[%clk
01:29:39]} {[%emt 00:01:30]} 12. Bg5 {[%emt 00:11:44]} Ra7 {[%clk 01:25:57]}
{[%emt 00:03:31]} 13. Bxa6 {[%clk 01:05:24]} {[%emt 00:10:01]} Qxa6 {[%clk
01:25:09]} {[%emt 00:01:19]} 14. Bf4 {[%clk 01:02:24]} {[%emt 00:03:30]} Nd7
{[%clk 01:21:33]} {[%emt 00:04:05]} 15. Re1 {[%clk 01:01:08]} {[%emt 00:01:46]}
Nc7 {[%clk 01:18:17]} {[%emt 00:03:44]} 16. Qd2 {[%clk 00:56:50]} {[%emt
00:04:49]} Rb8 {[%clk 01:14:16]} {[%emt 00:04:31]} 17. b3 {[%clk 00:57:04]}
{[%emt 00:00:16]} Nb5 {[%clk 01:09:11]} {[%emt 00:05:35]} 18. Na4 {[%clk
00:52:09]} {[%emt 00:05:25]} Nd4 {[%clk 01:05:42]} {[%emt 00:03:59]} 19. Nxd4
{[%clk 00:52:37]} {[%emt 00:00:03]} cxd4 {[%clk 01:05:45]} {[%emt 00:00:26]}
20. e6 {[%clk 00:53:05]} {[%emt 00:00:03]} Nc5 {[%clk 01:03:06]} {[%emt
00:03:08]} 21. Nxc5 {[%clk 00:53:24]} {[%emt 00:00:12]} dxc5 {[%clk 01:02:35]}
{[%emt 00:01:01]} 22. Bxb8 {[%clk 00:53:42]} {[%emt 00:00:12]} 1-0

[Event "DVM U14 2023"]
[Site "Magdeburg GER"]
[Date "2023.12.27"]
[Round "2"]
[White "Wittmann, Felix"]
[Black "Akladius, Kyrillus"]
[Result "1-0"]
[Termination "normal"]
[Board "10.2"]
[WhiteElo "1497"]
[BlackElo "1342"]
[WhiteClock "00:55:35"]
[BlackClock "01:32:07"]
[WhiteTeam "SF Tegernheim"]
[BlackTeam "SK König Plauen"]
[PlyCount "42"]
[WhiteFideId "34650784"]
[BlackFideId "16267036"]
[EventCountry "GER"]
[EventRounds "7"]
[EventType "team-swiss"]
[EventDate "2023.12.26"]

1. e4 {[%clk 01:30:59]} {[%emt 00:00:01]} d6 {[%clk 01:30:54]} {[%emt
00:00:06]} 2. d4 {[%clk 01:31:13]} {[%emt 00:00:16]} e6 {[%clk 01:31:17]}
{[%emt 00:00:06]} 3. Nf3 {[%clk 01:31:23]} {[%emt 00:00:20]} Nf6 {[%clk
01:31:39]} {[%emt 00:00:08]} 4. Nc3 {[%clk 01:31:28]} {[%emt 00:00:24]} Nc6
{[%clk 01:32:01]} {[%emt 00:00:08]} 5. Bc4 {[%clk 01:30:30]} {[%emt 00:01:28]}
d5 {[%clk 01:32:24]} {[%emt 00:00:07]} 6. exd5 {[%clk 01:30:02]} {[%emt
00:00:58]} exd5 {[%clk 01:32:47]} {[%emt 00:00:07]} 7. Bb3 {[%clk 01:29:16]}
{[%emt 00:01:15]} Bg4 {[%clk 01:32:09]} {[%emt 00:01:09]} 8. Be3 {[%clk
01:19:47]} {[%emt 00:09:59]} Bb4 {[%clk 01:32:25]} {[%emt 00:00:14]} 9. h3
{[%clk 01:13:37]} {[%emt 00:06:41]} Bxf3 {[%clk 01:30:52]} {[%emt 00:02:03]}
10. Qxf3 {[%clk 01:12:02]} {[%emt 00:02:04]} O-O {[%clk 01:31:07]} {[%emt
00:00:15]} 11. O-O {[%clk 01:11:07]} {[%emt 00:01:25]} Bxc3 {[%clk 01:31:25]}
{[%emt 00:00:13]} 12. bxc3 {[%clk 01:11:24]} {[%emt 00:00:12]} Ne4 {[%clk
01:31:50]} {[%emt 00:00:05]} 13. Bf4 {[%clk 01:09:47]} {[%emt 00:02:08]} Rc8
{[%clk 01:31:29]} {[%emt 00:00:51]} 14. Rfe1 {[%clk 01:08:32]} {[%emt
00:01:45]} Nf6 {[%clk 01:31:25]} {[%emt 00:00:34]} 15. Bg5 {[%clk 01:07:08]}
{[%emt 00:01:54]} b6 {[%clk 01:30:55]} {[%emt 00:01:01]} 16. Bxf6 {[%clk
01:06:59]} {[%emt 00:00:39]} Qxf6 {[%clk 01:31:09]} {[%emt 00:00:16]} 17. Qxf6
{[%clk 01:07:01]} {[%emt 00:00:25]} gxf6 {[%clk 01:31:36]} {[%emt 00:00:06]}
18. Bxd5 {[%clk 01:06:28]} {[%emt 00:01:01]} Na5 {[%clk 01:31:51]} {[%emt
00:00:15]} 19. Re7 {[%clk 01:05:36]} {[%emt 00:01:23]} c6 {[%clk 01:31:48]}
{[%emt 00:00:33]} 20. Bb3 {[%clk 00:55:15]} {[%emt 00:10:50]} Nxb3 {[%clk
01:31:48]} {[%emt 00:00:30]} 21. cxb3 {[%clk 00:55:35]} {[%emt 00:00:11]} a6
{[%clk 01:32:07]} {[%emt 00:00:11]} 1/2-1/2

[Event "DVM U14 2023"]
[Site "Magdeburg GER"]
[Date "2023.12.27"]
[Round "2"]
[White "Luible, Antonia"]
[Black "da Costa Silva, Pepe"]
[Result "0-1"]
[Board "10.4"]
[WhiteElo "1254"]
[BlackElo "1087"]
[WhiteClock "01:17:43"]
[BlackClock "00:59:56"]
[WhiteTeam "SF Tegernheim"]
[BlackTeam "SK König Plauen"]
[WhiteFideId "34681710"]
[BlackFideId "16282000"]
[EventCountry "GER"]
[EventRounds "7"]
[EventType "team-swiss"]
[EventDate "2023.12.26"]

1. e4 {[%clk 01:30:55]} {[%emt 00:00:04]} c5 {[%clk 01:30:58]} {[%emt
00:00:03]} 2. Nf3 {[%clk 01:31:15]} {[%emt 00:00:09]} Nc6 {[%clk 01:31:26]}
{[%emt 00:00:03]} 3. d4 {[%clk 01:31:39]} {[%emt 00:00:05]} cxd4 {[%clk
01:31:53]} {[%emt 00:00:03]} 4. Nxd4 {[%clk 01:32:03]} {[%emt 00:00:06]} Nf6
{[%clk 01:32:20]} {[%emt 00:00:03]} 5. Nc3 {[%clk 01:32:22]} {[%emt 00:00:11]}
d6 {[%clk 01:32:47]} {[%emt 00:00:04]} 6. Bb5 {[%clk 01:32:43]} {[%emt
00:00:09]} Bd7 {[%clk 01:33:14]} {[%emt 00:00:04]} 7. Nxc6 {[%clk 01:32:48]}
{[%emt 00:00:24]} bxc6 {[%clk 01:33:41]} {[%emt 00:00:03]} 8. Bd3 {[%clk
01:33:07]} {[%emt 00:00:11]} e6 {[%clk 01:33:29]} {[%emt 00:00:42]} 9. Bg5
{[%clk 01:32:39]} {[%emt 00:00:58]} Be7 {[%clk 01:33:49]} {[%emt 00:00:10]} 10.
O-O {[%clk 01:32:44]} {[%emt 00:00:24]} h6 {[%clk 01:34:17]} {[%emt 00:00:04]}
11. Bh4 {[%clk 01:33:02]} {[%emt 00:00:11]} Qc7 {[%clk 01:34:33]} {[%emt
00:00:15]} 12. Bg3 {[%clk 01:32:18]} {[%emt 00:01:14]} O-O {[%clk 01:33:34]}
{[%emt 00:01:29]} 13. Re1 {[%clk 01:31:00]} {[%emt 00:01:46]} e5 {[%clk
01:33:58]} {[%emt 00:00:07]} 14. Kh1 {[%clk 01:30:16]} {[%emt 00:01:14]} Nh7
{[%clk 01:25:57]} {[%emt 00:08:32]} 15. f4 {[%clk 01:28:57]} {[%emt 00:01:48]}
f6 {[%clk 01:14:58]} {[%emt 00:11:29]} 16. fxe5 {[%clk 01:24:48]} {[%emt
00:04:39]} fxe5 {[%clk 01:13:11]} {[%emt 00:02:18]} 17. Rf1 {[%clk 01:22:01]}
{[%emt 00:03:16]} Be6 {[%clk 01:09:19]} {[%emt 00:04:22]} 18. Qe2 {[%clk
01:18:53]} {[%emt 00:03:38]} Kh8 {[%clk 00:59:56]} {[%emt 00:09:53]} 19. Bc4
{[%clk 01:17:43]} {[%emt 00:01:41]} *

[Event "DVM U14 2023"]
[Site "Magdeburg GER"]
[Date "2023.12.28"]
[Round "3"]
[White "Haubold, Sebastian"]
[Black "Marcziter, Alex"]
[Result "1-0"]
[Termination "normal"]
[Board "1.1"]
[WhiteElo "2055"]
[BlackElo "1843"]
[WhiteClock "00:28:18"]
[BlackClock "00:34:21"]
[WhiteTeam "USC Magdeburg"]
[BlackTeam "SG Porz"]
[PlyCount "97"]
[WhiteFideId "16259637"]
[BlackFideId "16258126"]
[EventCountry "GER"]
[EventRounds "7"]
[EventType "team-swiss"]
[EventDate "2023.12.26"]

1. e4 {[%clk 01:30:46]} {[%emt 00:00:13]} e5 {[%clk 01:30:40]} {[%emt
00:00:20]} 2. Nf3 {[%clk 01:31:04]} {[%emt 00:00:11]} Nc6 {[%clk 01:30:53]}
{[%emt 00:00:17]} 3. Bb5 {[%clk 01:31:23]} {[%emt 00:00:12]} a6 {[%clk
01:31:04]} {[%emt 00:00:18]} 4. Ba4 {[%clk 01:31:36]} {[%emt 00:00:18]} Nf6
{[%clk 01:31:05]} {[%emt 00:00:29]} 5. O-O {[%clk 01:31:43]} {[%emt 00:00:22]}
b5 {[%clk 01:31:16]} {[%emt 00:00:20]} 6. Bb3 {[%clk 01:32:09]} {[%emt
00:00:05]} Be7 {[%clk 01:30:37]} {[%emt 00:01:08]} 7. Re1 {[%clk 01:31:50]}
{[%emt 00:00:50]} d6 {[%clk 01:29:28]} {[%emt 00:01:38]} 8. a4 {[%clk
01:31:12]} {[%emt 00:01:08]} Bd7 {[%clk 01:27:56]} {[%emt 00:02:02]} 9. c3
{[%clk 01:26:55]} {[%emt 00:04:47]} O-O {[%clk 01:25:21]} {[%emt 00:03:06]} 10.
d3 {[%clk 01:26:17]} {[%emt 00:01:07]} h6 {[%clk 01:22:11]} {[%emt 00:03:40]}
11. Nbd2 {[%clk 01:25:30]} {[%emt 00:01:17]} Na5 {[%clk 01:20:14]} {[%emt
00:02:27]} 12. Bc2 {[%clk 01:22:59]} {[%emt 00:03:01]} b4 {[%clk 01:18:13]}
{[%emt 00:02:31]} 13. d4 {[%clk 01:15:23]} {[%emt 00:08:07]} bxc3 {[%clk
01:15:40]} {[%emt 00:03:03]} 14. bxc3 {[%clk 01:15:40]} {[%emt 00:00:13]} Nc6
{[%clk 01:11:41]} {[%emt 00:04:28]} 15. d5 {[%clk 01:06:48]} {[%emt 00:09:22]}
Na5 {[%clk 01:10:02]} {[%emt 00:02:09]} 16. c4 {[%clk 01:05:48]} {[%emt
00:01:30]} c6 {[%clk 01:04:05]} {[%emt 00:06:26]} 17. Ba3 {[%clk 01:02:23]}
{[%emt 00:03:55]} c5 {[%clk 00:57:36]} {[%emt 00:07:00]} 18. h3 {[%clk
00:55:37]} {[%emt 00:07:16]} Nh7 {[%clk 00:52:34]} {[%emt 00:05:31]} 19. Bd3
{[%clk 00:45:52]} {[%emt 00:10:15]} Rb8 {[%clk 00:49:46]} {[%emt 00:03:18]} 20.
Qc2 {[%clk 00:43:04]} {[%emt 00:03:18]} Qc7 {[%clk 00:46:14]} {[%emt 00:04:03]}
21. Bb2 {[%clk 00:39:57]} {[%emt 00:03:36]} Rb7 {[%clk 00:44:38]} {[%emt
00:02:07]} 22. Bc3 {[%clk 00:37:38]} {[%emt 00:02:49]} Rfb8 {[%clk 00:44:09]}
{[%emt 00:00:58]} 23. Reb1 {[%clk 00:33:10]} {[%emt 00:04:59]} Ng5 {[%clk
00:40:39]} {[%emt 00:03:59]} 24. Rxb7 {[%clk 00:30:45]} {[%emt 00:02:55]} Rxb7
{[%clk 00:39:26]} {[%emt 00:01:44]} 25. Rb1 {[%clk 00:29:13]} {[%emt 00:02:02]}
Nxf3+ {[%clk 00:36:39]} {[%emt 00:03:17]} 26. Nxf3 {[%clk 00:29:35]} {[%emt
00:00:07]} Rxb1+ {[%clk 00:36:44]} {[%emt 00:00:26]} 27. Qxb1 {[%clk 00:30:03]}
{[%emt 00:00:02]} Nb7 {[%clk 00:36:59]} {[%emt 00:00:15]} 28. Bc2 {[%clk
00:28:42]} {[%emt 00:01:51]} Bd8 {[%clk 00:35:54]} {[%emt 00:01:34]} 29. Nd2
{[%clk 00:26:04]} {[%emt 00:03:08]} Bg5 {[%clk 00:29:37]} {[%emt 00:06:48]} 30.
Nf3 {[%clk 00:24:36]} {[%emt 00:01:58]} Bd8 {[%clk 00:27:51]} {[%emt 00:02:15]}
31. Ne1 {[%clk 00:23:36]} {[%emt 00:01:30]} Qb6 {[%clk 00:26:22]} {[%emt
00:01:59]} 32. Qa2 {[%clk 00:23:38]} {[%emt 00:00:28]} Be7 {[%clk 00:21:53]}
{[%emt 00:05:00]} 33. Nd3 {[%clk 00:16:23]} {[%emt 00:07:44]} Nd8 {[%clk
00:20:27]} {[%emt 00:01:57]} 34. a5 {[%clk 00:13:57]} {[%emt 00:02:56]} Qb7
{[%clk 00:18:53]} {[%emt 00:02:04]} 35. Nb2 {[%clk 00:13:40]} {[%emt 00:00:47]}
Qc8 {[%clk 00:18:32]} {[%emt 00:00:51]} 36. Kh2 {[%clk 00:11:29]} {[%emt
00:02:41]} f5 {[%clk 00:18:12]} {[%emt 00:00:50]} 37. Na4 {[%clk 00:11:10]}
{[%emt 00:00:49]} f4 {[%clk 00:14:43]} {[%emt 00:04:00]} 38. Nb6 {[%clk
00:11:27]} {[%emt 00:00:13]} Qc7 {[%clk 00:15:05]} {[%emt 00:00:07]} 39. Nxd7
{[%clk 00:11:49]} {[%emt 00:00:08]} Qxd7 {[%clk 00:15:26]} {[%emt 00:00:09]}
40. Bd1 {[%clk 00:07:38]} {[%emt 00:04:41]} Kf7 {[%clk 00:11:31]} {[%emt
00:04:25]} 41. Qb2 {[%clk 00:01:07]} {[%emt 00:07:01]} Nb7 {[%clk 00:06:37]}
{[%emt 00:05:23]} 42. Qb6 {[%clk 00:29:36]} {[%emt 00:02:00]} Bd8 {[%clk
00:36:54]} {[%emt 00:00:14]} 43. Qxa6 {[%clk 00:29:52]} {[%emt 00:00:14]} Qc7
{[%clk 00:37:18]} {[%emt 00:00:06]} 44. Qb5 {[%clk 00:26:56]} {[%emt 00:03:25]}
Nxa5 {[%clk 00:34:14]} {[%emt 00:03:35]} 45. Bxa5 {[%clk 00:27:11]} {[%emt
00:00:14]} Qxa5 {[%clk 00:34:32]} {[%emt 00:00:12]} 46. Qd7+ {[%clk 00:27:39]}
{[%emt 00:00:03]} Be7 {[%clk 00:33:49]} {[%emt 00:01:13]} 47. Bh5+ {[%clk
00:27:44]} {[%emt 00:00:25]} g6 {[%clk 00:34:10]} {[%emt 00:00:09]} 48. Qe6+
{[%clk 00:27:52]} {[%emt 00:00:22]} Ke8 {[%clk 00:34:21]} {[%emt 00:00:19]} 49.
Qxg6+ {[%clk 00:28:18]} {[%emt 00:00:04]} 1-0

[Event "DVM U14 2023"]
[Site "Magdeburg GER"]
[Date "2023.12.28"]
[Round "3"]
[White "Burlutskaia, Maria"]
[Black "Haubold, Christian"]
[Result "0-1"]
[Termination "normal"]
[Board "1.2"]
[WhiteElo "1771"]
[BlackElo "1990"]
[WhiteClock "00:27:35"]
[BlackClock "00:19:09"]
[WhiteTeam "SG Porz"]
[BlackTeam "USC Magdeburg"]
[PlyCount "60"]
[WhiteFideId "34607137"]
[BlackFideId "16259629"]
[EventCountry "GER"]
[EventRounds "7"]
[EventType "team-swiss"]
[EventDate "2023.12.26"]

1. e4 {[%clk 01:30:59]} e5 {[%clk 01:30:53]} {[%emt 00:00:07]} 2. Nf3 {[%clk
01:31:23]} {[%emt 00:00:05]} Nc6 {[%clk 01:31:18]} {[%emt 00:00:05]} 3. Bb5
{[%clk 01:31:48]} {[%emt 00:00:06]} a6 {[%clk 01:31:40]} {[%emt 00:00:08]} 4.
Ba4 {[%clk 01:32:14]} {[%emt 00:00:04]} Nf6 {[%clk 01:31:53]} {[%emt 00:00:16]}
5. d3 {[%clk 01:32:39]} {[%emt 00:00:06]} Bc5 {[%clk 01:31:45]} {[%emt
00:00:37]} 6. O-O {[%clk 01:32:58]} {[%emt 00:00:11]} d6 {[%clk 01:30:47]}
{[%emt 00:01:29]} 7. c3 {[%clk 01:33:21]} {[%emt 00:00:07]} O-O {[%clk
01:30:37]} {[%emt 00:00:40]} 8. h3 {[%clk 01:33:45]} {[%emt 00:00:05]} Ba7
{[%clk 01:30:05]} {[%emt 00:01:03]} 9. Nbd2 {[%clk 01:33:34]} {[%emt 00:00:41]}
Ne7 {[%clk 01:29:46]} {[%emt 00:00:48]} 10. Re1 {[%clk 01:33:14]} {[%emt
00:00:50]} Ng6 {[%clk 01:29:19]} {[%emt 00:00:57]} 11. Nf1 {[%clk 01:33:26]}
{[%emt 00:00:18]} c6 {[%clk 01:22:06]} {[%emt 00:07:44]} 12. Be3 {[%clk
01:27:58]} {[%emt 00:05:57]} b5 {[%clk 01:16:55]} {[%emt 00:05:42]} 13. Bc2
{[%clk 01:22:11]} {[%emt 00:06:17]} Re8 {[%clk 01:13:25]} {[%emt 00:03:59]} 14.
a4 {[%clk 01:21:50]} {[%emt 00:00:52]} Bxe3 {[%clk 01:03:38]} {[%emt 00:10:17]}
15. Nxe3 {[%clk 01:21:54]} {[%emt 00:00:25]} Nf4 {[%clk 00:56:28]} {[%emt
00:07:41]} 16. axb5 {[%clk 01:19:17]} {[%emt 00:03:07]} cxb5 {[%clk 00:55:29]}
{[%emt 00:01:30]} 17. Kh2 {[%clk 01:16:17]} {[%emt 00:03:29]} g6 {[%clk
00:50:14]} {[%emt 00:05:45]} 18. d4 {[%clk 01:07:53]} {[%emt 00:08:54]} Qb6
{[%clk 00:44:34]} {[%emt 00:06:09]} 19. Nf1 {[%clk 01:05:21]} {[%emt 00:03:01]}
Kg7 {[%clk 00:41:17]} {[%emt 00:03:49]} 20. Qd2 {[%clk 01:03:36]} {[%emt
00:02:15]} Qc7 {[%clk 00:39:18]} {[%emt 00:02:28]} 21. Ng3 {[%clk 00:58:20]}
{[%emt 00:05:46]} Qe7 {[%clk 00:35:51]} {[%emt 00:03:58]} 22. Ne2 {[%clk
00:53:30]} {[%emt 00:05:20]} N6h5 {[%clk 00:34:34]} {[%emt 00:01:47]} 23. Rg1
{[%clk 00:42:20]} {[%emt 00:11:39]} Qf6 {[%clk 00:31:00]} {[%emt 00:04:04]} 24.
Ne1 {[%clk 00:38:45]} {[%emt 00:04:05]} Nxe2 {[%clk 00:29:13]} {[%emt
00:02:17]} 25. Qxe2 {[%emt 00:00:12]} exd4 {[%clk 00:29:03]} {[%emt 00:00:37]}
26. cxd4 {[%clk 00:38:56]} {[%emt 00:00:41]} Qxd4 {[%clk 00:28:41]} {[%emt
00:00:51]} 27. Nf3 {[%clk 00:34:37]} {[%emt 00:04:49]} Qxb2 {[%clk 00:26:56]}
{[%emt 00:02:16]} 28. g4 {[%clk 00:34:00]} {[%emt 00:01:07]} Nf6 {[%clk
00:25:24]} {[%emt 00:02:02]} 29. Qd3 {[%clk 00:29:53]} {[%emt 00:04:37]} Nxe4
{[%clk 00:19:49]} {[%emt 00:06:05]} 30. Rgf1 {[%clk 00:27:35]} {[%emt
00:02:48]} Bb7 {[%clk 00:19:09]} {[%emt 00:01:09]} 0-1

[Event "DVM U14 2023"]
[Site "Magdeburg GER"]
[Date "2023.12.28"]
[Round "3"]
[White "Kuhlmann, Nils Magnus"]
[Black "Blomer, Moritz"]
[Result "0-1"]
[Termination "normal"]
[Board "1.3"]
[WhiteElo "1629"]
[BlackElo "1761"]
[WhiteClock "00:05:39"]
[BlackClock "00:27:14"]
[WhiteTeam "USC Magdeburg"]
[BlackTeam "SG Porz"]
[PlyCount "82"]
[WhiteFideId "16287177"]
[BlackFideId "34608370"]
[EventCountry "GER"]
[EventRounds "7"]
[EventType "team-swiss"]
[EventDate "2023.12.26"]

1. e4 {[%clk 01:30:56]} {[%emt 00:00:04]} c6 {[%clk 01:30:50]} {[%emt
00:00:10]} 2. d4 {[%clk 01:30:56]} {[%emt 00:00:30]} d5 {[%clk 01:31:11]}
{[%emt 00:00:08]} 3. exd5 {[%clk 01:30:54]} {[%emt 00:00:34]} cxd5 {[%clk
01:31:10]} {[%emt 00:00:30]} 4. Bd3 {[%clk 01:30:48]} {[%emt 00:00:36]} Nc6
{[%clk 01:30:48]} {[%emt 00:00:53]} 5. c3 {[%clk 01:30:37]} {[%emt 00:00:41]}
Nf6 {[%clk 01:31:08]} {[%emt 00:00:09]} 6. Ne2 {[%clk 01:30:52]} {[%emt
00:00:15]} Bg4 {[%clk 01:30:39]} {[%emt 00:00:58]} 7. O-O {[%clk 01:30:35]}
{[%emt 00:00:48]} e6 {[%emt 00:00:22]} 8. Qe1 {[%clk 01:30:12]} {[%emt
00:00:54]} Bd6 {[%clk 01:28:21]} {[%emt 00:02:55]} 9. f3 {[%clk 01:28:57]}
{[%emt 00:01:45]} Bh5 {[%clk 01:28:32]} {[%emt 00:00:18]} 10. Qh4 {[%clk
01:28:50]} {[%emt 00:00:39]} Kd7 {[%clk 01:23:41]} {[%emt 00:05:21]} 11. Bf4
{[%clk 01:21:16]} {[%emt 00:08:03]} Bg6 {[%clk 01:13:23]} {[%emt 00:10:47]} 12.
Bxg6 {[%clk 01:12:04]} {[%emt 00:09:42]} hxg6 {[%clk 01:12:42]} {[%emt
00:01:11]} 13. Qf2 {[%clk 01:12:31]} {[%emt 00:00:04]} Qc7 {[%clk 01:11:23]}
{[%emt 00:01:48]} 14. Bxd6 {[%clk 01:12:50]} {[%emt 00:00:12]} Qxd6 {[%clk
01:11:40]} {[%emt 00:00:12]} 15. Qg3 {[%clk 01:13:16]} {[%emt 00:00:05]} Qxg3
{[%clk 01:11:31]} {[%emt 00:00:39]} 16. hxg3 {[%clk 01:13:23]} {[%emt
00:00:23]} Ne8 {[%clk 00:55:07]} {[%emt 00:16:54]} 17. Nc1 {[%clk 01:11:19]}
{[%emt 00:02:34]} b5 {[%clk 00:50:31]} {[%emt 00:05:05]} 18. a3 {[%clk
01:09:42]} {[%emt 00:02:08]} a5 {[%clk 00:48:49]} {[%emt 00:02:10]} 19. Nd3
{[%clk 01:06:54]} {[%emt 00:03:20]} Nd6 {[%clk 00:47:11]} {[%emt 00:02:08]} 20.
Nd2 {[%clk 01:04:05]} {[%emt 00:03:19]} Rab8 {[%clk 00:39:08]} {[%emt
00:08:31]} 21. Rfc1 {[%clk 01:00:01]} {[%emt 00:04:35]} Rhc8 {[%clk 00:35:07]}
{[%emt 00:04:31]} 22. Nb3 {[%clk 00:46:07]} {[%emt 00:14:25]} b4 {[%clk
00:19:01]} {[%emt 00:16:36]} 23. axb4 {[%clk 00:23:33]} {[%emt 00:23:04]} axb4
{[%clk 00:18:50]} {[%emt 00:00:42]} 24. Na5 {[%clk 00:17:25]} {[%emt 00:06:37]}
bxc3 {[%clk 00:17:46]} {[%emt 00:01:33]} 25. Nxc6 {[%clk 00:17:42]} {[%emt
00:00:14]} Kxc6 {[%clk 00:14:53]} {[%emt 00:03:22]} 26. Rxc3+ {[%clk 00:16:55]}
{[%emt 00:01:18]} Kd7 {[%clk 00:14:21]} {[%emt 00:01:01]} 27. Ne5+ {[%emt
00:00:15]} Ke8 {[%clk 00:14:23]} {[%emt 00:00:26]} 28. Rxc8+ {[%clk 00:12:36]}
{[%emt 00:05:07]} Nxc8 {[%clk 00:10:41]} {[%emt 00:04:11]} 29. Rb1 {[%clk
00:12:37]} {[%emt 00:00:30]} Nd6 {[%clk 00:08:33]} {[%emt 00:02:38]} 30. g4
{[%clk 00:11:43]} {[%emt 00:01:25]} Nc4 {[%clk 00:06:12]} {[%emt 00:02:50]} 31.
Nxc4 {[%clk 00:10:05]} {[%emt 00:02:08]} dxc4 {[%clk 00:06:35]} {[%emt
00:00:07]} 32. Rc1 {[%clk 00:10:32]} {[%emt 00:00:03]} Rb4 {[%clk 00:05:54]}
{[%emt 00:01:10]} 33. Rc2 {[%clk 00:10:30]} {[%emt 00:00:33]} Kd7 {[%clk
00:05:23]} {[%emt 00:01:01]} 34. Kf2 {[%clk 00:10:34]} {[%emt 00:00:25]} Kd6
{[%clk 00:04:13]} {[%emt 00:01:40]} 35. Ke3 {[%clk 00:08:29]} {[%emt 00:02:36]}
Kd5 {[%clk 00:03:59]} {[%emt 00:00:43]} 36. Rd2 {[%clk 00:08:55]} {[%emt
00:00:05]} Rb3+ {[%clk 00:02:45]} {[%emt 00:01:43]} 37. Ke2 {[%clk 00:08:46]}
{[%emt 00:00:39]} g5 {[%clk 00:02:10]} {[%emt 00:01:06]} 38. Kd1 {[%clk
00:05:35]} {[%emt 00:03:41]} Rd3 {[%clk 00:02:17]} {[%emt 00:00:22]} 39. Rxd3
{[%clk 00:05:28]} {[%emt 00:00:37]} cxd3 {[%clk 00:02:40]} {[%emt 00:00:07]}
40. Kd2 {[%clk 00:05:55]} {[%emt 00:00:03]} Kxd4 {[%clk 00:03:00]} {[%emt
00:00:10]} 41. b3 {[%clk 00:05:39]} {[%emt 00:00:46]} f6 {[%clk 00:27:14]}
{[%emt 00:06:15]} 0-1